| 000 | 00972nam a2200229Ia 4500 | ||
|---|---|---|---|
| 999 |
_c40804 _d40804 |
||
| 001 | 7444 | ||
| 003 | GE_BSU | ||
| 005 | 20231213145106.0 | ||
| 008 | 181216s1969||||ge |||||||||||||| ||geo|| | ||
| 040 | _cGE_BSU | ||
| 041 | _ageo | ||
| 080 | _a821.353.1-32 დ-34 | ||
| 100 |
_aდემურხანაშვილი, სოლომონ _920671 |
||
| 245 |
_aოქროს ნაპირი : _bმოთხრობები / _cსოლომონ დემურხანაშვილი ; რედ. ალ. ადამია ; მხატვ. ბ. ხავთასი. |
||
| 264 |
_aთბილისი : _bმერანი, _c1969. |
||
| 300 |
_a237 გვ. ; _c 20 სმ. |
||
| 653 | _aმოთხრობები | ||
| 653 | _aოქროს ნაპირი | ||
| 700 |
_aადამია, ალ. _eრედაქტორი _920705 |
||
| 700 |
_aხავთასი, ბ. _eმხატვარი _920706 |
||
| 942 |
_cBK _2udc |
||